| 000 | 00452nam a22001697a 4500 | ||
|---|---|---|---|
| 003 | CEME | ||
| 005 | 20210628205318.0 | ||
| 008 | 210309b xxu||||| |||| 00| 0 eng d | ||
| 020 | _a1-56607-987-C | ||
| 040 | _c. | ||
| 082 | _a005.4469 KOR'W | ||
| 100 |
_aKorzeiowski, Paul _974894 |
||
| 245 | _aWindows nt 4.0 microsoft's server and operating system strategy for the future | ||
| 260 |
_aUSA _bCTR _c1997 |
||
| 300 | _aVII, 205P | ||
| 942 |
_cBK _2ddc |
||
| 999 |
_c580395 _d580395 |
||